Super Smash Bros. Ultimate Soundtrack - Statistics

General Stats
  • This quiz has been taken 77 times
  • The average score is 78 of 1068
Answer Stats
Series Name Composition Source % Correct
Lifelight Original Super Smash Bros. Ultimate
65%
Battle!!/Torna Original Xenoblade Chronicles 2
52%
Ground Theme / Underground Theme - Super Mario Bros. SSB4 Remix Super Mario Bros.
43%
Ground Theme / Underwater Theme - Super Mario 3D Land SSB4 Remix Super Mario 3D Land / Super Mario Bros.
43%
Menu Original Super Smash Bros. Ultimate
43%
Battlefield Original Super Smash Bros. Ultimate
39%
Final Destination Original Super Smash Bros. Ultimate
39%
Opening/Menu - Metroid Prime Brawl Remix Metroid Prime
35%
DK Rap Melee Remix Donkey Kong 64
30%
Great Temple / Temple Brawl Remix Zelda II - The Adventure of Link
30%
Title/Ending - Super Mario World Brawl Remix Super Mario World
30%
Ballad of the Goddess SSB4 Remix The Legend of Zelda: Skyward Sword
26%
Ballad of the Goddess Original The Legend of Zelda: Skyward Sword
26%
Big Blue New Remix F-Zero
26%
Big Blue Original F-Zero
26%
Castle / Boss Fortress - Super Mario World / SMB 3 Brawl Remix Super Mario World / Super Mario Bros. 3
26%
Crazy Hand Original Super Smash Bros. Ultimate
26%
Gang-Plank Galleon New Remix Donkey Kong Country
26%
Gerudo Valley SSB4 Remix The Legend of Zelda: Ocarina of Time
26%
Gerudo Valley Original The Legend of Zelda: Ocarina of Time
26%
Persona Last Surprise Original Persona 5
26%
Master Hand Original Super Smash Bros. Ultimate
26%
Master Hand / Crazy Hand Original Super Smash Bros. Ultimate
26%
MEGALOVANIA New Remix UNDERTALE
26%
F-Zero Mute City Original F-Zero
26%
One-Winged Angel Original FINAL FANTASY VII
26%
PAC-MAN PAC-MAN SSB4 Remix PAC-MAN
26%
Stickerbush Symphony Brawl Remix Donkey Kong Country 2: Diddy's Kong Quest
26%
Beneath the Mask New Remix Persona 5
22%
Brinstar Depths New Remix Metroid
22%
Dark Pit's Theme Original Kid Icarus: Uprising
22%
Delfino Plaza New Remix Super Mario Sunshine
22%
Delfino Plaza Original Super Mario Sunshine
22%
Fever Melee Remix Dr. Mario
22%
Galeem Original Super Smash Bros. Ultimate
22%
Galeem / Dharkon Original Super Smash Bros. Ultimate
22%
Giga Bowser Original Super Smash Bros. Melee
22%
Sonic the Hedgehog Green Hill Zone Original Sonic the Hedgehog (1991)
22%
Gusty Garden Galaxy Original Super Mario Galaxy
22%
Jump Up, Super Star! Original Super Mario Odyssey
22%
Ken Stage SSB4 Remix Street Fighter II
22%
Super Smash Bros. Lifelight (JP) Original Super Smash Bros. Ultimate
22%
Mario Paint Medley SSB4 Remix Mario Paint
22%
Overworld Brawl Remix Kid Icarus
22%
Paper Mario Medley SSB4 Remix Paper Mario: Sticker Star / Paper Mario: The Thousand-Year Door
22%
Rainbow Road Medley SSB4 Remix Mario Kart 7 / Mario Kart DS / Mario Kart: Super Circuit
22%
Ricco Harbor Original Super Mario Sunshine
22%
Rosalina in the Observatory / Luma's Theme SSB4 Remix Super Mario Galaxy
22%
Street Fighter Ryu Stage SSB4 Remix Street Fighter II
22%
Slide Melee Remix Super Mario 64
22%
Slide Original Super Mario 64
22%
Snakey Chantey New Remix Donkey Kong Country / Donkey Kong Country 2: Diddy's Kong Quest
22%
Song of Storms Brawl Remix The Legend of Zelda: Ocarina of Time
22%
Spiral Mountain New Remix Banjo-Kazooie
22%
Steam Gardens Original Super Mario Odyssey
22%
Try, Try Again SSB4 Remix Mario & Luigi: Dream Team
22%
Underworld Brawl Remix Kid Icarus
22%
Aria of the Soul New Remix Revelations: Persona
17%
Big Blue (Melee) Melee Remix F-Zero
17%
Boss Battle Original Miitopia
17%
Brinstar (Melee) Melee Remix Metroid
17%
Calamari Inkantation Original Splatoon
17%
Chill (Brawl) Brawl Remix Dr. Mario
17%
Chill (for 3DS / Wii U) SSB4 Remix Dr. Mario
17%
Credits - Super Smash Bros. (for 3DS / Wii U) SSB4 Remix Super Smash Bros.
17%
Credits - Super Smash Bros. for 3DS / Wii U Original Super Smash Bros. for Nintendo 3DS / Wii U
17%
Crocodile Cacophony New Remix Donkey Kong Country 2: Diddy's Kong Quest
17%
Dark World (for 3DS / Wii U) SSB4 Remix The Legend of Zelda: A Link to the Past
17%
Dharkon Original Super Smash Bros. Ultimate
17%
Donkey Kong Brawl Remix Donkey Kong
17%
Donkey Kong / Donkey Kong Jr. Medley New Remix Donkey Kong / Donkey Kong Jr.
17%
Dragon Driftway Original Mario Kart 8
17%
Egg Planet SSB4 Remix Super Mario Galaxy
17%
Egg Planet Original Super Mario Galaxy
17%
Escape SSB4 Remix Metroid
17%
Fight On! Original FINAL FANTASY VII
17%
Fire Emblem Fire Emblem Theme Brawl Remix Fire Emblem: Shadow Dragon and the Blade of Light
17%
Game & Watch Flat Zone Original Game & Watch
17%
Flat Zone 2 Original Game & Watch
17%
Fossil Falls Original Super Mario Odyssey
17%
Gritzy Desert Brawl Remix Mario & Luigi: Partners in Time
17%
Guile Stage New Remix Street Fighter II
17%
Home-Run Contest Original Super Smash Bros. Brawl
17%
I'll Face Myself New Remix Persona 4
17%
Live & Learn Original Sonic Adventure 2
17%
Mangrove Cove Original Donkey Kong Country: Tropical Freeze
17%
Mario Tennis / Mario Golf Brawl Remix Mario Power Tennis / Mario Golf: Toadstool Tour
17%
Mass Destruction Original Persona 3
17%
Mega Man 2 Medley SSB4 Remix Mega Man 2
17%
Melty Monster Original Super Mario Galaxy 2
17%
Mixed-Up Scramble Original Mario & Luigi: Paper Jam
17%
Mob Smash Original Super Smash Bros. Ultimate
17%
Molgera New Remix The Legend of Zelda: The Wind Waker
17%
Mute City (Brawl) Brawl Remix F-Zero
17%
Mute City (for 3DS / Wii U) SSB4 Remix F-Zero
17%
Mute City (Melee) Melee Remix F-Zero
17%
New Donk City Original Super Mario Odyssey
17%
Our Beginning Original Persona 5
17%
Reach Out To The Truth Original Persona 4
17%
Rivers In the Desert Original Persona 5
17%
Saria's Song / Middle Boss Battle SSB4 Remix The Legend of Zelda: Ocarina of Time
17%
Shop Original Super Smash Bros. Ultimate
17%
Shotgun Kiss Original F-Zero GX
17%
Sonic Heroes Original Sonic Heroes
17%
Splatoon Splattack! New Remix Splatoon
17%
Splattack! Original Splatoon
17%
Super Mario Bros. Medley SSB4 Remix Super Mario Bros.
17%
Targets! Original Super Smash Bros. Melee
17%
The Grand Finale Original Mario & Luigi: Bowser's Inside Story
17%
The Great Tower Showdown 2 Original Super Mario 3D World
17%
Time To Make History Original Persona 4 Golden
17%
Tough Guy Alert! Original Mario & Luigi: Bowser's Inside Story
17%
Trophy Rush Original Super Smash Bros. for Nintendo 3DS / Wii U
17%
Vs. Meta Ridley Original Metroid Prime
17%
Vs. Ridley New Remix Super Metroid
17%
Wake Up, Get Up, Get Out There Original Persona 5
17%
Wrath of the Reset Bomb SSB4 Remix Kid Icarus: Uprising
17%
Yoshi's Island (for 3DS / Wii U) SSB4 Remix Super Mario World 2: Yoshi's Island
17%
25m Theme Original Donkey Kong
13%
All-Star Rest Area - Super Smash Bros. for 3DS / Wii U Original Super Smash Bros. for Nintendo 3DS / Wii U
13%
Ashley's Song (JP) (for 3DS / Wii U) SSB4 Remix WarioWare: Touched!
13%
Battlefield - Super Smash Bros. for 3DS / Wii U Original Super Smash Bros. for Nintendo 3DS / Wii U
13%
Battlefield - Super Smash Bros. Melee (for 3DS / Wii U) SSB4 Remix Super Smash Bros. Melee
13%
Battle for Storm Hill Original Donkey Kong: Jungle Beat
13%
Battle Hymn of the Soul Original Persona 3
13%
Bein' Friends Melee Remix EarthBound Beginnings
13%
Bomb Rush Blush New Remix Splatoon
13%
Break Free (Lead The Way) Original Super Mario Odyssey
13%
Brinstar (64) 64 Remix Metroid
13%
Brinstar (Brawl) Brawl Remix Metroid
13%
Butter Building (for 3DS / Wii U) SSB4 Remix Kirby's Adventure
13%
Car Select Original F-Zero X
13%
Cinema Deux Original ARMS
13%
City Trial New Remix Kirby Air Ride
13%
Classic Mode: Defeat Original Super Smash Bros. Ultimate
13%
Cruel Smash Original Super Smash Bros. Brawl
13%
Mega Man Cut Man Stage SSB4 Remix Mega Man
13%
Dark World (Brawl) Brawl Remix The Legend of Zelda: A Link to the Past
13%
Death Mountain New Remix The Legend of Zelda
13%
Destroyed Skyworld SSB4 Remix Kid Icarus: Uprising
13%
Dragon Roost Island Original The Legend of Zelda: The Wind Waker
13%
Duel Zone Original Super Smash Bros.
13%
Environmental Noises Brawl Remix Pikmin
13%
Escape from the City Original Sonic Adventure 2
13%
Final Destination - Super Smash Bros. for 3DS / Wii U Original Super Smash Bros. for Nintendo 3DS / Wii U
13%
Fire Field Brawl Remix F-Zero
13%
Fire Field Original F-Zero
13%
Fist Bump Original Sonic Forces
13%
Floral Fury Original Cuphead
13%
Fortress Boss - Super Mario Bros. 3 New Remix Super Mario Bros. 3
13%
Fortress Boss - Super Mario World SSB4 Remix Super Mario World
13%
Fourside New Remix EarthBound
13%
F-ZERO Medley New Remix F-Zero
13%
Gamer Original Game & Wario
13%
Garden of Hope New Remix Pikmin 3
13%
Garden of Hope Original Pikmin 3
13%
Gear Getaway SSB4 Remix Donkey Kong Country Returns
13%
Gourmet Race (64) 64 Remix Kirby Super Star
13%
Green Greens (for 3DS / Wii U) SSB4 Remix Kirby's Dream Land
13%
Super Mario Bros. Ground Theme - Super Mario Bros. Original Super Mario Bros.
13%
Guts Man Stage New Remix Mega Man
13%
Hades's Infernal Theme Original Kid Icarus: Uprising
13%
Hollow Bastion Original KINGDOM HEARTS
13%
Ice Cave Chant Original Donkey Kong Country
13%
Ice Ice Outpost Original Mario Kart 8
13%
Id (Purpose) New Remix Fire Emblem Awakening
13%
Id (Purpose) Original Fire Emblem Awakening
13%
Ink Me Up Original Splatoon
13%
Jogging / Countdown SSB4 Remix Punch-Out!! (NES)
13%
Jungle Hijinxs Original Donkey Kong Country
13%
Jungle Level (64) 64 Remix Donkey Kong Country
13%
Jungle Level (Brawl) Brawl Remix Donkey Kong Country
13%
Jungle Level Jazz Style (for 3DS / Wii U) SSB4 Remix Donkey Kong Country
13%
Jungle Level (Melee) Melee Remix Donkey Kong Country
13%
Jungle Level Tribal Style (for 3DS / Wii U) SSB4 Remix Donkey Kong Country
13%
King Dedede's Theme (for 3DS / Wii U) SSB4 Remix Kirby's Dream Land
13%
King K. Rool / Ship Deck 2 Brawl Remix Donkey Kong Country
13%
Knight of the Wind Original Sonic and the Black Knight
13%
Let's Hit the Climax! Original Bayonetta
13%
Lightning Chariot Base SSB4 Remix Kid Icarus: Uprising
13%
Lorule Main Theme Original The Legend of Zelda: A Link Between Worlds
13%
Lost in Thoughts All Alone New Remix Fire Emblem: if
13%
Lost in Thoughts All Alone Original Fire Emblem Fates
13%
Lost in Thoughts All Alone (for 3DS / Wii U) SSB4 Remix Fire Emblem: if
13%
Luigi's Mansion Series Medley SSB4 Remix Luigi's Mansion / Luigi's Mansion: Dark Moon
13%
Magicant New Remix EarthBound Beginnings
13%
Magicant (for 3DS / Wii U) SSB4 Remix EarthBound Beginnings
13%
Magnus's Theme Original Kid Icarus: Uprising
13%
Main Theme - Super Mario 64 SSB4 Remix Super Mario 64
13%
Main Theme - Super Mario 64 Original Super Mario 64
13%
Mario Bros. Brawl Remix Mario Bros.
13%
Master Core Original Super Smash Bros. for Nintendo 3DS / Wii U
13%
Master Hand - Super Smash Bros. for 3DS / Wii U Original Super Smash Bros. for Nintendo 3DS / Wii U
13%
Mechanical Rhythm Original Xenoblade Chronicles
13%
Menu - Super Smash Bros. for 3DS / Wii U Original Super Smash Bros. for Nintendo 3DS / Wii U
13%
Meta Crystal Original Super Smash Bros.
13%
Meta Knight's Revenge Brawl Remix Kirby Super Star
13%
Midna's Lament New Remix The Legend of Zelda: Twilight Princess
13%
Mike's Song Brawl Remix WarioWare: Touched!
13%
Mole Patrol Original Donkey Kong Country Returns
13%
Ninja College Original ARMS
13%
Online Practice Stage - Super Smash Bros. for 3DS / Wii U Original Super Smash Bros. for Nintendo 3DS / Wii U
13%
Open Your Heart Original Sonic Adventure
13%
Overworld & Underworld - The Legend of Zelda (for 3DS / Wii U) SSB4 Remix The Legend of Zelda
13%
Pandemonium Original Mario Party 9
13%
Mother / EarthBound Pollyanna (I Believe in You) Melee Remix EarthBound Beginnings
13%
Port Town Original F-Zero
13%
Ramen Bowl New Remix ARMS
13%
Reach for the Stars Original Sonic Colors
13%
Results Screen - Super Smash Bros. for 3DS / Wii U SSB4 Remix Super Smash Bros.
13%
Rocket Road Original Mario Party: Island Tour
13%
Rolling Hills A Original Super Mario Bros. 2
13%
Rooftop Run Original Sonic Generations
13%
Sand Ocean New Remix F-Zero
13%
Sand Ocean Original F-Zero
13%
Saria's Theme Melee Remix The Legend of Zelda: Ocarina of Time
13%
Scrap Brain Zone Original Sonic the Hedgehog (1991)
13%
Seven Rings in Hand Original Sonic and the Secret Rings
13%
Silence Original F-Zero
13%
Sky Station Original Super Mario Galaxy 2
13%
Smiles and Tears SSB4 Remix EarthBound
13%
Sonic Boom Original Sonic CD
13%
Spring Stadium Original ARMS
13%
Star Fox Medley Melee Remix Star Fox
13%
Star Wolf Original Star Fox 64
13%
Star Wolf's Theme / Sector Z (for 3DS / Wii U) SSB4 Remix Star Fox 64
13%
Story 5 Meeting Melee Remix Fire Emblem: Shadow Dragon and the Blade of Light
13%
Sunset Heights Original Sonic Forces
13%
Super Bell Hill Original Super Mario 3D World
13%
Super Mario Bros.: The Lost Levels Medley SSB4 Remix Super Mario Bros.: The Lost Levels
13%
Super Mario Galaxy Original Super Mario Galaxy
13%
Target Smash! Original Super Smash Bros. Brawl
13%
Temple Theme Melee Remix Zelda II - The Adventure of Link
13%
The World to Win Original Kirby: Triple Deluxe
13%
Training Original Super Smash Bros. Ultimate
13%
Trophies Original Super Smash Bros. Melee
13%
Trophy Gallery Original Super Smash Bros. Brawl
13%
Unfounded Revenge / Smashing Song of Praise Brawl Remix Mother 3
13%
Vega Stage New Remix Street Fighter II
13%
Village of the Blue Maiden Original The Legend of Zelda: Four Swords Adventures
13%
WarioWare WarioWare, Inc. Brawl Remix WarioWare, Inc.: Mega Microgame$!
13%
White Land Brawl Remix F-Zero
13%
White Land Original F-Zero
13%
Wonder World Original Sonic Lost World
13%
Wood Man Stage New Remix Mega Man 2
13%
Xenoblade Chronicles Medley SSB4 Remix Xenoblade Chronicles
13%
You Will Know Our Names Original Xenoblade Chronicles
13%
Acid Hues Original Splatoon 2
9%
Adventure Map Original Super Smash Bros. Brawl
9%
Aerith's Theme New Remix FINAL FANTASY VII
9%
Afternoon on the Island (for 3DS / Wii U) SSB4 Remix Tomodachi Life
9%
Air Man Stage SSB4 Remix Mega Man 2
9%
All-Star Intro Original Super Smash Bros. Melee
9%
Angel Island Zone Brawl Remix Sonic the Hedgehog 3
9%
Ashley's Song Brawl Remix Warioware: Touched!
9%
Athletic Theme - New Super Mario Bros. 2 SSB4 Remix New Super Mario Bros. 2
9%
Yoshi's Island Athletic Theme - Super Mario World Melee Remix Super Mario World
9%
Attack and Run! Original Mario & Luigi: Paper Jam
9%
Attack - Fire Emblem Brawl Remix Fire Emblem
9%
Attract -Embu- / Character Select Original Tekken 3
9%
Balloon Trip (for 3DS / Wii U) SSB4 Remix Balloon Fight
9%
Balrog Stage Type A Original Street Fighter II
9%
Balrog Stage Type B Original Super Street Fighter II
9%
Bandit Valley Original Yoshi's New Island
9%
Bathtime Theme (for 3DS / Wii U) SSB4 Remix nintendogs
9%
Bathtime Theme (Vocal Mix) (for 3DS / Wii U) SSB4 Remix nintendogs
9%
Battle! (Champion) / Champion Cynthia SSB4 Remix Pokémon Diamond & Pokémon Pearl
9%
Battle! (Dialga/Palkia) / Spear Pillar Brawl Remix Pokémon Diamond & Pokémon Pearl
9%
Battle! (Steven) New Remix Pokémon Omega Ruby & Pokémon Alpha Sapphire
9%
Battle! (Team Flare) SSB4 Remix Pokémon X & Pokémon Y
9%
Battle! (Team Galactic) Brawl Remix Pokémon Diamond & Pokémon Pearl
9%
Blanka Stage Type A Original Street Fighter II
9%
Blanka Stage Type B Original Super Street Fighter II
9%
Bloody Tears / Monster Dance New Remix Castlevania II: Simon's Quest
9%
Blue Skies and a Battle Original Fire Emblem: Three Houses
9%
Boss 2 - DK: Jungle Climber Original DK: Jungle Climber
9%
Brain Cleaner Original F-Zero GX
9%
Brinstar Depths (Melee) Melee Remix Metroid
9%
Buster Beach Original ARMS
9%
Butter Building (Brawl) Brawl Remix Kirby's Adventure
9%
Cammy Stage Type A Original Super Street Fighter II
9%
Cammy Stage Type B Original Super Street Fighter II
9%
Champion Road Original Super Mario Galaxy
9%
Chun-Li Stage Type A Original Street Fighter II
9%
Chun-Li Stage Type B Original Super Street Fighter II
9%
Circuit - Mario Kart 7 SSB4 Remix Mario Kart 7
9%
Classic: Fail Original Super Smash Bros. for Nintendo 3DS / Wii U
9%
Classic: Final Results Original Super Smash Bros. for Nintendo 3DS / Wii U
9%
Classic Mode: Bonus Stage Original Super Smash Bros. Ultimate
9%
Classic Mode: Final Results Original Super Smash Bros. Ultimate
9%
Classic Mode: Mural Original Super Smash Bros. Ultimate
9%
Classic: Results Screen Original Super Smash Bros. for Nintendo 3DS / Wii U
9%
Clockwork Crafter Original Minecraft
9%
Cloudtop Cruise - Mario Kart 8 SSB4 Remix Mario Kart 8
9%
Clu Clu Land Brawl Remix Clu Clu Land
9%
Code Name: F.E. Original Fire Emblem: Shadow Dragon and the Blade of Light
9%
Coin Launcher Original Super Smash Bros. Brawl
9%
Cosmo Canyon New Remix FINAL FANTASY VII
9%
Credits - Super Smash Bros. Original Super Smash Bros.
9%
Credits - Super Smash Bros. (Brawl) Brawl Remix Super Smash Bros.
9%
Credits - Super Smash Bros. Brawl Original Super Smash Bros. Brawl
9%
CROWNED Original Kirby's Return to Dream Land
9%
Dangerous Dinner Original Kirby's Return to Dream Land
9%
Dee Jay Stage Type A Original Super Street Fighter II
9%
Dee Jay Stage Type B Original Super Street Fighter II
9%
Dhalsim Stage Type A Original Street Fighter II
9%
Dhalsim Stage Type B Original Super Street Fighter II
9%
Dracula's Castle Original Castlevania: Symphony of the Night
9%
Dream Chaser Original F-Zero X
9%
Other Tracks Duck Hunt Medley New Remix Duck Hunt
9%
Duck Hunt Medley (for 3DS / Wii U) SSB4 Remix Duck Hunt
9%
Duty (Ablaze) Original Fire Emblem Awakening
9%
Earth New Remix Minecraft Earth
9%
Ebb & Flow Original Splatoon 2
9%
E. Honda Stage Type A Original Street Fighter II
9%
E. Honda Stage Type B Original Super Street Fighter II
9%
Electroplankton New Remix Electroplankton
9%
Electroplankton Original Electroplankton
9%
Emerald Hill Zone Original Sonic the Hedgehog 2
9%
Ending - Metroid Brawl Remix Metroid
9%
Events Original Super Smash Bros. for Nintendo 3DS / Wii U
9%
Excitebike - Mario Kart 8 Original Excitebike
9%
Fatal Blooms in Moonlight Original Kirby: Triple Deluxe
9%
Fated Battle Original Super Mario Galaxy 2
9%
Fei Long Stage Type A Original Super Street Fighter II
9%
Fei Long Stage Type B Original Super Street Fighter II
9%
Fighter Selection - Super Smash Bros. Original Super Smash Bros.
9%
Floral Fields Original Kirby: Triple Deluxe
9%
Flower Field Brawl Remix Yoshi Touch & Go
9%
Forest/Nature Area SSB4 Remix Kirby & the Amazing Mirror
9%
Forest of Hope Original Pikmin
9%
Full Steam Ahead SSB4 Remix The Legend of Zelda: Spirit Tracks / The Legend of Zelda
9%
Funky's Fugue Original Donkey Kong Country
9%
Galaga Medley New Remix Galaga
9%
Gallery/Hoard Original Super Smash Bros. for Nintendo 3DS / Wii U
9%
Gaur Plain Original Xenoblade Chronicles
9%
Gear Up For… New Remix Fire Emblem Heroes
9%
Glide New Remix Minecraft
9%
Gobi's Valley New Remix Banjo-Kazooie
9%
Go K.K. Rider! Brawl Remix Animal Crossing
9%
Gourmet Race (Brawl) Brawl Remix Kirby Super Star
9%
Gourmet Race (Melee) Melee Remix Kirby Super Star
9%
Ground Theme (Band Performance) - Super Mario Bros. Original Super Mario Bros.
9%
Ground Theme - New Super Mario Bros. 2 Original New Super Mario Bros. 2
9%
Ground Theme - Super Mario Bros. (64) 64 Remix Super Mario Bros.
9%
Ground Theme - Super Mario Bros. (Brawl) Brawl Remix Super Mario Bros.
9%
Ground Theme - Super Mario Bros. (Melee) Melee Remix Super Mario Bros.
9%
Guile Stage Type A Original Street Fighter II
9%
Guile Stage Type B Original Super Street Fighter II
9%
Minecraft Halland / Dalarna New Remix Minecraft Dungeons
9%
Hard Man Stage New Remix Mega Man 3
9%
Humoresque of a Little Dog Brawl Remix EarthBound Beginnings
9%
Hyrule Castle (Outside) Original The Legend of Zelda: Breath of the Wild
9%
Hyrule Main Theme Original The Legend of Zelda: A Link Between Worlds
9%
I Am Octavio Original Splatoon
9%
Ice Cream Island SSB4 Remix Kirby's Adventure
9%
Ice Man Stage New Remix Mega Man
9%
In the Space-Pirate Ship SSB4 Remix Kid Icarus: Uprising
9%
JENOVA Original FINAL FANTASY VII
9%
Kid Icarus Retro Medley Original (Brawl Arrangement) Kid Icarus
9%
King Bowser - Super Mario Bros. 3 New Remix Super Mario Bros. 3
9%
Kingdom Stadium: Night Original Mario Sports Superstars
9%
Let's Dance, Boys! Original Bayonetta
9%
Let the Battles Begin! Original FINAL FANTASY VII
9%
Light Plane (for 3DS / Wii U) SSB4 Remix Pilotwings
9%
Light Plane (Vocal Mix) (for 3DS / Wii U) SSB4 Remix Pilotwings
9%
Lost Painting New Remix Castlevania: Symphony of the Night
9%
Luigi Raceway - Mario Kart 64 Brawl Remix Mario Kart 64
9%
Main Theme - Luigi's Mansion New Remix Luigi's Mansion
9%
Main Theme - Luigi's Mansion (Brawl) Brawl Remix Luigi's Mansion
9%
Main Theme - New Super Mario Bros. Brawl Remix New Super Mario Bros.
9%
Main Theme - Super Smash Bros. Brawl Original Super Smash Bros. Brawl
9%
Main Theme - Yoshi's Woolly World SSB4 Remix Yoshi's Woolly World
9%
Main Theme - Yoshi's Woolly World Original Yoshi's Woolly World
9%
Mappy Medley New Remix Mappy
9%
Mario Circuit - Mario Kart 8 Original Mario Kart 8
9%
Mario Kart Mario Circuit - Super Mario Kart Brawl Remix Super Mario Kart
9%
Mario Kart Stadium - Mario Kart 8 Original Mario Kart 8
9%
M. Bison Stage Type A Original Street Fighter II
9%
M. Bison Stage Type B Original Super Street Fighter II
9%
Metal Battle Original Super Smash Bros. Melee
9%
Metalopod Original Splatoon
9%
Punch-Out!! Minor Circuit SSB4 Remix Punch-Out!! (NES)
9%
Minor Circuit Original Punch-Out!! (NES)
9%
Moonsiders 1st New Remix Tekken 7
9%
Muck Warfare Original Splatoon 2
9%
Mushroom Gorge - Mario Kart Wii Original Mario Kart Wii
9%
Norfair Brawl Remix Metroid
9%
Ocarina of Time Medley Brawl Remix The Legend of Zelda: Ocarina of Time
9%
Onett Theme / Winters Theme SSB4 Remix EarthBound
9%
Opening - Super Smash Bros. Melee Original Super Smash Bros. Melee
9%
Opening - Super Smash Bros. Melee (Brawl) Brawl Remix Super Smash Bros. Melee
9%
Out of Time New Remix Castlevania
9%
PAC-MAN (Club Mix) SSB4 Remix PAC-MAN
9%
Pink Ball Activate! Original Kirby: Planet Robobot
9%
Planet Colors Original F-Zero GX
9%
Pokémon Gold / Pokémon Silver Medley Melee Remix Pokémon Gold & Pokémon Silver
9%
Pokémon Red / Pokémon Blue Medley Melee Remix Pokémon Red & Pokémon Blue
9%
Porky's Theme Brawl Remix Mother 3
9%
Power-Hungry Fool Original Fire Emblem: Path of Radiance
9%
Quick Man Stage SSB4 Remix Mega Man 2
9%
Rainbow Road - Mario Kart 7 Original Mario Kart 7
9%
Rainbow Road - Mario Kart 8 Original Mario Kart 8
9%
Rainbow Road - Mario Kart: Double Dash!! Original Mario Kart: Double Dash!!
9%
Red Canyon Original F-Zero
9%
Replay/Album/Records Original Super Smash Bros. for Nintendo 3DS / Wii U
9%
Roar/Rathalos Original MONSTER HUNTER
9%
Ruins - Wario Land: Shake It! Original Wario Land: Shake It!
9%
Sagat Stage Type A Original Street Fighter II
9%
Sagat Stage Type B Original Super Street Fighter II
9%
Shadow Dragon Medley Brawl Remix Fire Emblem: Shadow Dragon and the Blade of Light
9%
Shadow Man Stage SSB4 Remix Mega Man 3
9%
Smash Tour: Map Original Super Smash Bros. for Nintendo 3DS / Wii U
9%
Snake Eater New Remix Metal Gear Solid 3: Snake Eater
9%
Snake Man Stage New Remix Mega Man 3
9%
Snowman Brawl Remix EarthBound Beginnings
9%
Sparring Ring Original ARMS
9%
Stack-Up/Gyromite Brawl Remix Stack-Up / Gyromite
9%
Staff Credits - Kirby's Dream Land New Remix Kirby's Dream Land / Kirby Super Star
9%
Stage Builder Original Super Smash Bros. Brawl
9%
Stage Clear / Title Theme - Pikmin Brawl Remix Pikmin
9%
Step: Subspace Original Super Smash Bros. Brawl
9%
Step: The Plain Original Super Smash Bros. Brawl
9%
StreetSmash Original Super Smash Bros. for Nintendo 3DS / Wii U
9%
Super Mario Bros. 3 Medley SSB4 Remix Super Mario Bros. 3
9%
Super Mario World Medley SSB4 Remix Super Mario World
9%
Super Sonic Racing Original Sonic R
9%
Swinger Flinger Original Donkey Kong Country
9%
Tal Tal Heights Brawl Remix The Legend of Zelda: Link's Awakening
9%
Tearing Through Heaven Original Fire Emblem: Three Houses
9%
Termina Field New Remix The Legend of Zelda: Majora's Mask
9%
Termina Field Original The Legend of Zelda: Majora's Mask
9%
T. Hawk Stage Type A Original Super Street Fighter II
9%
T. Hawk Stage Type B Original Super Street Fighter II
9%
The Arch-Illager New Remix Minecraft Dungeons
9%
The Battle at the Summit! New Remix Pokémon Sun & Pokémon Moon
9%
The Burning Lava Fish Original Metroid: Other M
9%
The Final Battle Original Super Smash Bros. Ultimate
9%
The Final Battle: After the Transformation Original Super Smash Bros. Ultimate
9%
The Great Cave Offensive SSB4 Remix Kirby Super Star
9%
The Legend of Zelda Medley SSB4 Remix The Legend of Zelda / The Legend of Zelda: Ocarina of Time
9%
The Map Page / Bonus Level New Remix Donkey Kong Country
9%
The Map Page / Bonus Level Original Donkey Kong Country
9%
Theme of SMG2 Original Super Mario Galaxy 2
9%
The Starship Sails Original Super Mario Galaxy 2
9%
This is Minion Turf! Original Mario & Luigi: Superstar Saga + Bowser's Minions
9%
Thunder Cloud Temple Original Kid Icarus: Uprising
9%
Tiger! Tiger! New Remix Xenoblade Chronicles 2
9%
Time's Running Out! Original Mario & Luigi: Paper Jam
9%
Animal Crossing Title Theme - Animal Crossing New Remix Animal Crossing
9%
Title Theme - Animal Crossing: Wild World New Remix Animal Crossing: Wild World
9%
Metroid Title Theme - Metroid SSB4 Remix Metroid
9%
Title Theme - Super Mario Maker SSB4 Remix Super Mario Maker
9%
The Legend of Zelda Title Theme - The Legend of Zelda Brawl Remix The Legend of Zelda
9%
Top Man Stage New Remix Mega Man 3
9%
Tournament Original Super Smash Bros. Melee
9%
Toys on a Tear New Remix Minecraft
9%
Treasure Trove Cove New Remix Banjo-Kazooie
9%
Underground Moon Caverns Original Super Mario Odyssey
9%
Castlevania Vampire Killer New Remix Castlevania
9%
Vampire Killer Original Castlevania
9%
Vault Original Super Smash Bros. Ultimate
9%
Vega Stage Type A Original Street Fighter II
9%
Vega Stage Type B Original Super Street Fighter II
9%
Victory Road - Pokémon Ruby / Pokémon Sapphire Brawl Remix Pokémon Ruby & Pokémon Sapphire
9%
Vs. Klungo New Remix Banjo-Tooie
9%
Vs. Marx Brawl Remix Kirby Super Star
9%
Vs. Parasite Queen New Remix Metroid Prime
9%
Waluigi Pinball - Mario Kart DS Brawl Remix Mario Kart DS
9%
WarioWare, Inc. Medley Brawl Remix WarioWare, Inc.: Mega Microgame$!
9%
Wii Shop Channel SSB4 Remix Wii Shop Channel
9%
Wii Shop Channel Original Wii Shop Channel
9%
Wrecking Crew Medley (for 3DS / Wii U) SSB4 Remix Wrecking Crew
9%
Yoga Original Wii Fit
9%
Yoshi's Island (Brawl) Brawl Remix Super Mario World 2: Yoshi's Island
9%
Yoshi's Story (64) 64 Remix Yoshi's Story
9%
Yoshi's Story (Melee) Melee Remix Yoshi's Story
9%
You Call This a Utopia?! Brawl Remix Mother 3
9%
Zangief Stage Type A Original Street Fighter II
9%
Zangief Stage Type B Original Super Street Fighter II
9%
02 Battle Brawl Remix Kirby 64: The Crystal Shards
4%
2:00 a.m. - Animal Crossing: Wild World Brawl Remix Animal Crossing: Wild World
4%
A Battle of Friends and Bonds 2 Original Kirby Star Allies
4%
Advance New Remix Fire Emblem: Mystery of the Emblem
4%
Advent: One-Winged Angel Original FINAL FANTASY VII ADVENT CHILDREN
4%
Against the Dark Knight Original Fire Emblem: Path of Radiance
4%
Airship Theme - Super Mario Bros. 3 Brawl Remix Super Mario Bros. 3
4%
All-Star Rest Area - Super Smash Bros. Brawl Original Super Smash Bros. Brawl
4%
Aloneness New Remix Tekken 7
4%
Aquarius New Remix Castlevania III: Dracula's Curse
4%
Area 6 - Star Fox 64 Brawl Remix Star Fox 64
4%
Area 6 Ver. 2 - Star Fox 64 Brawl Remix Star Fox 64
4%
Ashley's Song (JP) (Brawl) Brawl Remix Warioware: Touched!
4%
Balloon Fight Medley SSB4 Remix Balloon Fight
4%
Battle! (Champion) - Pokémon X / Pokémon Y Original Pokémon X & Pokémon Y
4%
Battle! (Elite Four) / Battle! (Solgaleo / Lunala) New Remix Pokémon Sun & Pokémon Moon
4%
Battlefield - Super Smash Bros. Brawl Original Super Smash Bros. Brawl
4%
Battlefield - Super Smash Bros. Melee Brawl Remix Super Smash Bros. Melee
4%
Battlefield Ver. 2 - Super Smash Bros. Brawl Original Super Smash Bros. Brawl
4%
Battle! (Gladion) New Remix Pokémon Sun & Pokémon Moon
4%
Battle in the Base Original Metal Gear Solid 3: Snake Eater
4%
Battle! (Island Kahuna) New Remix Pokémon Sun & Pokémon Moon
4%
Battle! (Lorekeeper Zinnia) New Remix Pokémon Omega Ruby & Pokémon Alpha Sapphire
4%
Battle! - Paper Mario: Color Splash Original Paper Mario: Color Splash
4%
Battle! (Reshiram / Zekrom) SSB4 Remix Pokémon Black & Pokémon White
4%
Battle! (Trainer Battle) - Pokémon X / Pokémon Y SSB4 Remix Pokémon X & Pokémon Y
4%
Battle! (Trainer) - Pokémon Sun / Pokémon Moon New Remix Pokémon Sun & Pokémon Moon
4%
Battle! (Wild Pokémon) - Pokémon Diamond / Pokémon Pearl Brawl Remix Pokémon Diamond & Pokémon Pearl
4%
Battle! (Wild Pokémon) - Pokémon Ruby / Pokémon Sapphire Brawl Remix Pokémon Ruby & Pokémon Sapphire
4%
Battle! (Wild Pokémon) - Pokémon Sun / Pokémon Moon New Remix Pokémon Sun & Pokémon Moon
4%
Battle! (Wild Pokémon) - Pokémon X / Pokémon Y Original Pokémon X & Pokémon Y
4%
Beginning New Remix Castlevania III: Dracula's Curse
4%
Between Heaven and Earth Original Fire Emblem: Three Houses
4%
Beyond Distant Skies - Roy's Departure New Remix Fire Emblem: The Binding Blade
4%
Bit Crusher Original Tekken 4
4%
Blast Away! -Gummi Ship II- Original KINGDOM HEARTS
4%
Bomb Man Stage New Remix Mega Man
4%
Bonus Game - Super Smash Bros. Original Super Smash Bros.
4%
Boss Battle 4 - Metroid: Samus Returns Original Metroid: Samus Returns
4%
Boss Battle Song 1 Original Super Smash Bros. Brawl
4%
Boss Battle Song 2 Original Super Smash Bros. Brawl
4%
Boss Battle - Super Smash Bros. Brawl Brawl Remix Super Smash Bros. Melee
4%
Boss Fight 1 - Kid Icarus: Uprising Original Kid Icarus: Uprising
4%
Boss Theme Medley - Kirby Series Brawl Remix Kirby Series
4%
Boss Theme - Super Mario Bros. 2 Original Super Mario Bros. 2
4%
Bowser's Galaxy Generator Original Super Mario Galaxy 2
4%
Break: Through the Ice Original Star Fox: Assault
4%
Bubblegum K.K. SSB4 Remix Animal Crossing: New Leaf
4%
Burning Town Original Shantae: Half-Genie Hero
4%
Calamity Ganon Battle - Second Form Original The Legend of Zelda: Breath of the Wild
4%
Calling to the Night Original Metal Gear Solid: Portable Ops
4%
Cavern Original Metal Gear Solid
4%
Celestial Valley Original Kirby Air Ride
4%
Chasing Daybreak Original Fire Emblem: Three Houses
4%
Chicago, U.S.A. Original Tekken
4%
Climb Up! And Get the Last Chance! Original F-Zero X
4%
Coliseum Series Medley SSB4 Remix Fire Emblem Series
4%
Conquest (Ablaze) Original Fire Emblem Awakening
4%
Corneria - Star Fox Brawl Remix Star Fox
4%
Corneria - Star Fox Zero Original Star Fox Zero
4%
Counterattack New Remix Xenoblade Chronicles 2
4%
Country Field: away team Original Mario Sports Superstars
4%
Crash Man Stage New Remix Mega Man 2
4%
Crimean Army Sortie Original Fire Emblem: Path of Radiance
4%
Crossing Swords Original Xenoblade Chronicles 2
4%
Cross Your Heart New Remix Haunted Castle
4%
CROWNED: Ver. 2 Original Dedede's Drum Dash Deluxe
4%
Dance of Gold New Remix Castlevania: Symphony of the Night
4%
Dance of the Blocks New Remix Minecraft
4%
Dark Man Stage New Remix Mega Man 5
4%
Dearly Beloved -Swing Version- Original KINGDOM HEARTS
4%
Death Wind Original F-Zero
4%
Destiny (Ablaze) New Remix Fire Emblem Awakening
4%
Devil's Call in Your Heart Original F-Zero X
4%
Dist Thins Out New Remix Tekken 6: Bloodline Rebellion
4%
Divine Bloodlines New Remix Castlevania: Rondo of Blood
4%
DNA Lab Original ARMS
4%
Donkey Kong Country Returns Original Donkey Kong
4%
Donkey Kong Country Returns (Vocals) SSB4 Remix Donkey Kong
4%
Don't Slip Original Splatoon 2
4%
Edge of Adversity New Remix Fire Emblem: Genealogy of the Holy War
4%
Encounter Brawl Remix Metal Gear Solid
4%
Endolphin Surge Original Splatoon 2
4%
End Results - Metroid: Samus Returns Original Metroid: Samus Returns
4%
Xenoblade Chronicles Engage the Enemy Original Xenoblade Chronicles
4%
Eternal Bond Original Fire Emblem: Radiant Dawn
4%
Excite Truck Original Excite Truck
4%
Famicom Medley Original Nintendo Entertainment System
4%
Fight 1 - Fire Emblem Gaiden SSB4 Remix Fire Emblem Gaiden
4%
Final Destination - Super Smash Bros. Original Super Smash Bros.
4%
Final Destination - Super Smash Bros. Brawl Original Super Smash Bros. Brawl
4%
Final Destination - Super Smash Bros. Melee Original Super Smash Bros. Melee
4%
Final Destination Ver. 2 Original Super Smash Bros. for Nintendo 3DS / Wii U
4%
Find Mii / Find Mii II Medley New Remix Find Mii / Find Mii II
4%
Fire Emblem: Mystery of the Emblem Medley SSB4 Remix Fire Emblem: Mystery of the Emblem
4%
Fire Emblem Theme (Heroic Origins) New Remix Fire Emblem: Shadow Dragon and the Blade of Light
4%
Fire Emblem: Three Houses Main Theme New Remix Fire Emblem: Three Houses
4%
Fire Emblem: Three Houses Main Theme (JP) New Remix Fire Emblem: Three Houses
4%
Fire Man Stage New Remix Mega Man
4%
Flashes of Fear Original Hey! Pikmin
4%
Flash Man Stage New Remix Mega Man 2
4%
Fódlan Winds Original Fire Emblem: Three Houses
4%
Forest Stage Original Kirby Air Ride
4%
Fourside (Melee) Melee Remix EarthBound
4%
Fragment of Hope Original Hey! Pikmin
4%
Free the Spirit! Original Super Smash Bros. Ultimate
4%
Freezeezy Peak Original Banjo-Kazooie
4%
Frozen Hillside Original Kirby Air Ride
4%
Gaur Plain (Night) Original Xenoblade Chronicles
4%
Gormott Original Xenoblade Chronicles 2
4%
Gravity Man Stage New Remix Mega Man 5
4%
Kirby Green Greens (Melee) Melee Remix Kirby's Dream Land
4%
Ground Theme - New Super Mario Bros. U Original New Super Mario Bros. U
4%
Ground Theme - Super Mario Bros. 2 New Remix Super Mario Bros. 2
4%
Ground Theme - Super Mario Bros. 2 Original Super Mario Bros. 2
4%
Ground Theme - Super Mario Bros. 3 New Remix Super Mario Bros. 3
4%
Ground Theme - Super Mario Bros. 3 (Melee) Melee Remix Super Mario Bros. 3
4%
Ground Theme - Super Mario World Original Super Mario World
4%
Heat Haze Shadow Original Tekken 7
4%
Heihachi Mishima Original Tekken 3
4%
Hidden Mountain & Forest Brawl Remix The Legend of Zelda: A Link to the Past
4%
How to Play - Super Smash Bros. Original Super Smash Bros.
4%
How to Play - Super Smash Bros. Melee New Remix Super Smash Bros. Melee
4%
How to Play - Super Smash Bros. Melee Original Super Smash Bros. Melee
4%
Hyrule Field Theme Brawl Remix The Legend of Zelda: Ocarina of Time
4%
Hyrule Field Theme Original The Legend of Zelda: Ocarina of Time
4%
Ice Climber (Brawl) Brawl Remix Ice Climber
4%
Ice Climber (Melee) Melee Remix Ice Climber
4%
Ink or Sink Original Splatoon
4%
Jin Kazama Original Tekken 3
4%
Kapp'n's Song SSB4 Remix Animal Crossing: New Leaf
4%
Kass's Theme New Remix The Legend of Zelda: Breath of the Wild
4%
Kazuya Mishima, Devil Kazuya New Remix Tekken 2
4%
Kazuya Mishima, Devil Kazuya Original Tekken 2
4%
Ken Stage Type A Original Street Fighter II
4%
Ken Stage Type B Original Super Street Fighter II
4%
King Dedede's Theme (Brawl) Brawl Remix Kirby's Dream Land
4%
Kirby Battle Royale: Main Theme Original Kirby: Battle Royale
4%
Kirby Retro Medley Original (SSB4 Arrangement) Kirby's Dream Land
4%
K.K. Condor Original Animal Crossing
4%
K.K. Gumbo Original Animal Crossing
4%
Light Plane New Remix Pilotwings
4%
Light Plane Original Pilotwings
4%
Lights, Camera, Action! (Studiopolis Zone Act 1) Original Sonic Mania
4%
Lockdown Battle Theme Original Metroid: Other M
4%
Lord of a Dead Empire Original Fire Emblem Echoes: Shadows of Valentia
4%
Lords-A Chance Encounter Original Fire Emblem: Shadow Dragon and the Blade of Light
4%
Lords-Showdown Original Fire Emblem Gaiden
4%
Lost in Thoughts All Alone (JP) Original Fire Emblem: if
4%
Lumiose City Original Pokémon X & Pokémon Y
4%
Mad Forest Original Castlevania III: Dracula's Curse
4%
Mad Monster Mansion New Remix Banjo-Kazooie
4%
Magmoor Caverns - Metroid: Samus Returns Original Metroid: Samus Returns
4%
Main Theme - Metroid Prime: Federation Force Original Metroid Prime: Federation Force
4%
Main Theme Piano Solo Original Super Smash Bros. Ultimate
4%
Pikmin Main Theme - Pikmin New Remix Pikmin
4%
Main Theme - Pikmin Original Pikmin
4%
Pokémon Main Theme - Pokémon Red & Blue (64) 64 Remix Pokémon Red & Pokémon Blue
4%
Main Theme - Pokémon Red & Blue (Brawl) Brawl Remix Pokémon Red & Pokémon Blue
4%
Main Theme - Pokémon Red & Blue (Melee) Melee Remix Pokémon Red & Pokémon Blue
4%
Star Fox Main Theme - Star Fox Brawl Remix Star Fox
4%
Main Theme - Star Fox 64 (64) 64 Remix Star Fox 64
4%
Main Theme - Star Fox 64 (Brawl) Brawl Remix Star Fox 64
4%
Main Theme - Star Fox 64 (Melee) Melee Remix Star Fox 64
4%
Main Theme - The Legend of Zelda: Breath of the Wild New Remix The Legend of Zelda: Breath of the Wild
4%
Main Theme - The Legend of Zelda: Tri Force Heroes New Remix The Legend of Zelda: Tri Force Heroes
4%
Main Theme - The Legend of Zelda: Twilight Princess Original The Legend of Zelda: Twilight Princess
4%
Main Theme - Yoshi's New Island New Remix Yoshi's New Island
4%
Main Theme - Yoshi's New Island Original Yoshi's New Island
4%
March to Deliverance Original Fire Emblem Gaiden
4%
Master Fortress: First Wave Original Super Smash Bros. for Nintendo 3DS / Wii U
4%
Master Fortress: Second Wave Original Super Smash Bros. for Nintendo 3DS / Wii U
4%
Master Orders: Ticket Selection Original Super Smash Bros. for Nintendo 3DS / Wii U
4%
Mausoleum Original ARMS
4%
Meeting Theme Series Medley SSB4 Remix Fire Emblem Series
4%
Mega Man 2 Retro Medley Original (SSB4 Arrangement) Mega Man 2
4%
Mega Man 3 Retro Medley Original (SSB4 Arrangement) Mega Man 3
4%
Mega Man 4 Medley New Remix Mega Man 4
4%
Mega Man Retro Medley Original (SSB4 Arrangement) Mega Man
4%
Menu 2 - Super Smash Bros. Melee Original Super Smash Bros. Melee
4%
Menu - Super Smash Bros. Original Super Smash Bros.
4%
Menu - Super Smash Bros. Brawl Original Super Smash Bros. Brawl
4%
Menu - Super Smash Bros. Melee Original Super Smash Bros. Melee
4%
Menu - Super Smash Bros. Melee (Brawl) Brawl Remix Super Smash Bros. Melee
4%
Metal Man Stage New Remix Mega Man 2
4%
Metro-Cross Retro Medley Original (SSB4 Arrangement) Metro-Cross
4%
MGS4 ~Theme of Love~ Brawl Remix Metal Gear Solid 4: Guns of the Patriots
4%
Mii Channel Brawl Remix Mii Channel
4%
Mike's Song (JP) Brawl Remix WarioWare: Touched!
4%
Mission Mode - Pikmin 3 SSB4 Remix Pikmin 3
4%
Mona Pizza's Song Brawl Remix WarioWare: Twisted!
4%
Mona Pizza's Song (JP) Brawl Remix WarioWare: Twisted!
4%
Moonlit Wilderness Original Tekken 5
4%
Mother 3 Love Theme Brawl Remix Mother 3
4%
Multi-Man Melee Original Super Smash Bros. Melee
4%
Multi-Man Melee 2 Original Super Smash Bros. Melee
4%
Multi-Man Smash Original Super Smash Bros. for Nintendo 3DS / Wii U
4%
Multiplayer - Metroid Prime 2: Echoes Original Metroid Prime 2: Echoes
4%
Mumbo's Mountain New Remix Banjo-Kazooie
4%
[NAME REDACTED] Original ARMS
4%
Napalm Man Stage New Remix Mega Man 5
4%
Nemesis Ridley Original Metroid: Other M
4%
New World Order Original Tekken Revolution
4%
Nintendo Land Medley SSB4 Remix Nintendo Land
4%
Nintendo Switch Presentation 2017 Trailer BGM New Remix The Legend of Zelda
4%
N's Castle SSB4 Remix Pokémon Black & Pokémon White
4%
Obstacle Course - Yoshi's Island Brawl Remix Super Mario World 2: Yoshi's Island
4%
Octoweaponry Original Splatoon
4%
Online Practice Stage - Super Smash Bros. Brawl Original Super Smash Bros. Brawl
4%
On the Hunt -Gloomy Manor Ver.- (Instrumental) Original Luigi's Mansion: Dark Moon
4%
Donkey Kong Country Opening - Donkey Kong Brawl Remix Donkey Kong
4%
Opening Movie Original Tekken Tag Tournament
4%
Opening Stage New Remix Mega Man X
4%
Over Wintry Mountains Original Hey! Pikmin
4%
Overworld Theme - The Legend of Zelda Original The Legend of Zelda
4%
Overworld Theme - The Legend of Zelda (64) 64 Remix The Legend of Zelda
4%
Overworld Theme - The Legend of Zelda: A Link to the Past Original The Legend of Zelda: A Link to the Past
4%
Overworld Theme - The Legend of Zelda (Brawl) Brawl Remix The Legend of Zelda
4%
Overworld Theme - The Legend of Zelda (Melee) Melee Remix The Legend of Zelda
4%
Paths That Will Never Cross Original Fire Emblem: Three Houses
4%
PictoChat Original PictoChat
4%
Planet Popstar Original Kirby 64: The Crystal Shards
4%
Plucky Pass Beginnings Original Captain Toad: Treasure Tracker
4%
Pokémon Center - Pokémon Red / Pokémon Blue Brawl Remix Pokémon Red & Pokémon Blue
4%
Pokémon Gym/Evolution - Pokémon Red / Pokémon Blue Brawl Remix Pokémon Red & Pokémon Blue
4%
Poolside Original Tekken 5
4%
Practice Fights Original Super Smash Bros. Ultimate
4%
Prelude (Ablaze) New Remix Fire Emblem Awakening
4%
Preparing to Advance Brawl Remix Fire Emblem: The Sacred Stones
4%
Psycho Bits Original Metroid Prime Hunters
4%
Psycho Soldier Theme New Remix Psycho Soldier
4%
Red & Black Original Bayonetta
4%
Red Hot Fist Original Tekken 5
4%
Return to Corneria - Star Fox Zero Original Star Fox Zero
4%
Rhythm Boxing Original Wii Fit
4%
Ribbon Ring Original ARMS
4%
Riders of the Light Original Bayonetta
4%
Ring a Ding Original Style Savvy: Styling Star
4%
Road to Viridian City - Pokémon Red / Pokémon Blue Brawl Remix Pokémon Red & Pokémon Blue
4%
Route 10 - Pokémon Black / Pokémon White SSB4 Remix Pokémon Black & Pokémon White
4%
Route 209 - Pokémon Diamond / Pokémon Pearl Brawl Remix Pokémon Diamond & Pokémon Pearl
4%
Route 23 - Pokémon Black 2 / Pokémon White 2 SSB4 Remix Pokémon Black 2 & Pokémon White 2
4%
Ryu Stage Type A Original Street Fighter II
4%
Ryu Stage Type B Original Super Street Fighter II
4%
Scrapyard Original ARMS
4%
Sector Ω Original Star Fox Zero
4%
Sector 1 Brawl Remix Metroid Fusion
4%
Shooting Star Original Mega Man Star Force
4%
Sky Arena Original ARMS
4%
Sky Tower Original Kirby's Return to Dream Land
4%
Slash Original Castlevania: Rondo of Blood
4%
Snake Park Original ARMS
4%
Space Armada Brawl Remix Star Fox
4%
Space Battleground Original Star Fox: Assault
4%
Spark Man Stage SSB4 Remix Mega Man 3
4%
Spectate Original Super Smash Bros. Ultimate
4%
Spirits: Collection Original Super Smash Bros. Ultimate
4%
Spirits: Inventory/Items Original Super Smash Bros. Ultimate
4%
Squeak Squad Theme Brawl Remix Kirby: Squeak Squad
4%
Stadium Theme - Mario Tennis Aces Original Mario Tennis Aces
4%
Stadium Theme - Mario Tennis: Ultra Smash Original Mario Tennis: Ultra Smash
4%
Stage Select - Pikmin 2 SSB4 Remix Pikmin 2
4%
Starker / Wicked Child New Remix Castlevania
4%
Star Wolf (Brawl) Brawl Remix Star Fox 64
4%
Step: Subspace Ver. 3 Original Super Smash Bros. Brawl
4%
Sticker Album / Album / Chronicle Original Super Smash Bros. Brawl
4%
Temple Grounds Original ARMS
4%
The Adventure Begins Original Kirby's Return to Dream Land
4%
The Apex of the World Original Fire Emblem: Three Houses
4%
The Dark Realm Original Super Smash Bros. Ultimate
4%
The Dark Realm: The Mysterious Space Original Super Smash Bros. Ultimate
4%
The Devoted Original Fire Emblem: Radiant Dawn
4%
The Edge of Dawn (Seasons of Warfare) Original Fire Emblem: Three Houses
4%
The Edge of Dawn (Seasons of Warfare) (JP) Original Fire Emblem: Three Houses
4%
The Great Sea / Menu Select SSB4 Remix The Legend of Zelda: The Wind Waker
4%
The Hero Goes Forth with a Determination Original DRAGON QUEST XI S: Echoes of an Elusive Age - Definitive Edition
4%
The Hidden Village Original The Legend of Zelda: Twilight Princess
4%
The Keeper of the Lake Original Hey! Pikmin
4%
The King of Pyropuff Peak Original Captain Toad: Treasure Tracker
4%
The Legendary Air Ride Machine Brawl Remix Kirby Air Ride
4%
The Light Realm: Base Original Super Smash Bros. Ultimate
4%
The Light Realm: March Original Super Smash Bros. Ultimate
4%
The Light Realm: Prologue Original Super Smash Bros. Ultimate
4%
Theme from Area 6 / Missile Slipstream SSB4 Remix Star Fox 64 / Star Fox Command
4%
Bayonetta Theme of Bayonetta - Mysterious Destiny (Instrumental) SSB4 Remix Bayonetta
4%
Theme of Samus Aran, Space Warrior Brawl Remix Super Metroid
4%
Theme of Solid Snake New Remix Metal Gear 2: Solid Snake
4%
Metal Gear Theme of Tara Brawl Remix Metal Gear
4%
The Mysterious Murasame Castle Medley SSB4 Remix The Mysterious Murasame Castle
4%
The Scions' Dance in Purgatory Original Fire Emblem Echoes: Shadows of Valentia
4%
Those Who Challenge Gods Original Fire Emblem Gaiden
4%
Through the Forest Original Kirby's Return to Dream Land
4%
Time of Action Original Fire Emblem: Radiant Dawn
4%
Title Theme - Animal Crossing: Wild World (Brawl) Brawl Remix Animal Crossing: Wild World
4%
Kid Icarus Title Theme - Kid Icarus Brawl Remix Kid Icarus
4%
Title Theme - Mario Party: Island Tour Original Mario Party: Island Tour
4%
Title Theme - Mario Tennis Aces Original Mario Tennis Aces
4%
Title Theme - Mario vs. Donkey Kong: Tipping Stars Original Mario vs. Donkey Kong: Tipping Stars
4%
Title Theme - Punch-Out!! (Wii) Original Punch-Out!! (Wii)
4%
Tournament 2 Original Super Smash Bros. Melee
4%
Tournament Grid Original Super Smash Bros. Brawl
4%
Tournament Match End Original Super Smash Bros. Brawl
4%
Tournament Registration Original Super Smash Bros. Brawl
4%
Tourney: Battle List Original Super Smash Bros. Ultimate
4%
Tourney: Winner Announcement Original Super Smash Bros. Ultimate
4%
Town Hall and Tom Nook's Store - Animal Crossing: Wild World Brawl Remix Animal Crossing: Wild World
4%
Training Mode Original Super Smash Bros.
4%
Trophy Shop Original Super Smash Bros. for Nintendo 3DS / Wii U
4%
Twilight Stigmata Original Castlevania: Order of Ecclesia
4%
Underground Theme - Super Mario Bros. Brawl Remix Super Mario Bros.
4%
Underground Theme - Super Mario Land Brawl Remix Super Mario Land
4%
Under This Banner New Remix Fire Emblem: Mystery of the Emblem
4%
Underwater Theme - Super Mario Bros. Brawl Remix Super Mario Bros.
4%
Venturing Into the Mechanized World Original Kirby: Planet Robobot
4%
Victory is Near Original Fire Emblem: Path of Radiance
4%
Victory Road - Pokémon X / Pokémon Y Original Pokémon X & Pokémon Y
4%
Vs. Lord Woo Fak Fak Original Banjo-Tooie
4%
Vs. Mr. Patch Original Banjo-Tooie
4%
Vs. Ridley (Brawl) Brawl Remix Super Metroid
4%
Wagon Wheel's March Original DRAGON QUEST IV: Chapters of the Chosen
4%
War Cry Original DRAGON QUEST VIII: Journey of the Cursed King
4%
White Land II Original F-Zero
4%
Wildlands Brawl Remix Yoshi's Island DS
4%
Winning Road - Roy's Hope Brawl Remix Fire Emblem: The Binding Blade
4%
With Mila's Divine Protection (Celica Map 1) Brawl Remix Fire Emblem Gaiden
4%
Woodlands - The Legend of Zelda: Tri Force Heroes Original The Legend of Zelda: Tri Force Heroes
4%
World Map - Pikmin 2 Brawl Remix Pikmin 2
4%
World Tour Original Mario Golf: World Tour
4%
Wrecking Crew Medley New Remix Wrecking Crew
4%
Wrecking Crew Retro Medley Original Wrecking Crew
4%
Xenoblade Chronicles 2 Medley New Remix Xenoblade Chronicles 2
4%
X vs ZERO Original Mega Man X5
4%
Yell "Dead Cell" Original Metal Gear Solid 2: Sons of Liberty
4%
Yoshi's Tale Brawl Remix Yoshi's Story
4%
Yuga Battle (Hyrule Castle) Original The Legend of Zelda: A Link Between Worlds
4%
YUKI Original Tekken 6
4%
11th Street - FATAL FURY WILD AMBITION New Remix FATAL FURY: WILD AMBITION
0%
176th Street - KOF '99 Original FATAL FURY: WILD AMBITION
0%
Abyss of Time Original Tekken Tag Tournament 2
0%
Advanced Step Original Wii Fit
0%
Dragon Quest Adventure - DRAGON QUEST III Original DRAGON QUEST III: The Seeds of Salvation
0%
After Burner (∞ Climax Mix) Original Bayonetta
0%
Afternoon on the Island New Remix Tomodachi Life
0%
A New Poem That the South Thailand Wants to Tell - FATAL FURY 2 Original FATAL FURY 2
0%
An Obstacle in Our Path - Xenoblade Chronicles Original Xenoblade Chronicles
0%
Arcade Bunny's Theme Original Nintendo Badge Arcade
0%
Area 1 - Dragon Spirit New Remix Dragon Spirit
0%
Argentum Original Xenoblade Chronicles 2
0%
Arisa Original Tekken 6: Bloodline Rebellion
0%
ARMS Grand Prix Final Battle Original ARMS
0%
ARMS ARMS Grand Prix Official Theme Song New Remix ARMS
0%
ART of FIGHT - Art of Fighting New Remix Art of Fighting
0%
Art of Fighting Ver.230000000.0 - FATAL FURY SPECIAL Original Art of Fighting
0%
A Ship in a Stormy Sea Original Xenoblade Chronicles 2
0%
Assault Theme - METAL SLUG 1-3 New Remix METAL SLUG / METAL SLUG 2 / METAL SLUG 3
0%
Attack - Soma Bringer Original Soma Bringer
0%
Awake New Remix Castlevania: Circle of the Moon
0%
Balloon Trip (Brawl) Brawl Remix Balloon Fight
0%
Banquet of Nature - SAMURAI SHODOWN New Remix SAMURAI SHODOWN
0%
Baseball (Training) Original Wii Sports Club
0%
Bathtime Theme New Remix nintendogs
0%
Battle for the Glory - DRAGON QUEST IV Original DRAGON QUEST IV: Chapters of the Chosen
0%
Battle Scene / Final Boss - Golden Sun Brawl Remix Golden Sun: The Lost Age
0%
Battle Start - Fossil Fighters: Frontier Original Fossil Fighters: Frontier
0%
Battle!! - Xenoblade Chronicles 2 Original Xenoblade Chronicles 2
0%
Big Shot! - FATAL FURY 3 Original FATAL FURY 3: Road to the Final Victory
0%
Black Night Original Castlevania
0%
Blue Birds Original Rhythm Heaven
0%
Blue Water Fangs (The Island of Dr. Moreau) - METAL SLUG 3 Original METAL SLUG 3
0%
Boss 1 - Sakura Samurai: Art of the Sword SSB4 Remix Sakura Samurai: Art of the Sword
0%
Boss: The Darkest Lord Original Miitopia
0%
Brain Age: Train Your Brain in Minutes a Day! Original Brain Age: Train Your Brain in Minutes a Day!
0%
Bringer of Chaos! Ultimate Original Xenoblade Chronicles 2
0%
Can't Wait Until Night Original Haunted Castle
0%
Charge! - Wii Play Original Wii Play
0%
Core Luge Original Wii Fit U
0%
Crash in the Dark Night Original Castlevania: Dawn of Sorrow
0%
Culdcept SSB4 Remix Culdcept
0%
Cutting Edge - KOF 2002 UM Original THE KING OF FIGHTERS 2002 UNLIMITED MATCH
0%
Dance of Illusions Original Castlevania: Rondo of Blood
0%
Dark Lord SSB4 Remix Find Mii II
0%
Dawn in the Desert Original Ever Oasis
0%
Death Match with Torna Original Xenoblade Chronicles 2
0%
Deluge Dirge Original Splatoon 2
0%
Departure from South Town - KOF XIV Original THE KING OF FIGHTERS XIV
0%
DESERT REQUIEM ~Operation02UM~ - KOF 2002 UM Original THE KING OF FIGHTERS '95
0%
Desperate Struggle New Remix Tekken 7
0%
Destati Original KINGDOM HEARTS
0%
Destiny's Force Original KINGDOM HEARTS
0%
Dillon's Rolling Western: The Last Ranger Original Dillon's Rolling Western: The Last Ranger
0%
DJ K.K. Original Animal Crossing
0%
Dojo (Japanese-Style Mix) New Remix Tekken 7
0%
Douchuumen - The Mysterious Murasame Castle Original The Mysterious Murasame Castle
0%
Dragon Battle Original AR Games
0%
Driver Vs Original Xenoblade Chronicles 2
0%
Duck Dub Dub (Duck, You Too) - FATAL FURY SPECIAL Original FATAL FURY SPECIAL
0%
DUOMO DI SIRIO 1st Original Tekken 7
0%
Dwelling of Doom Original Castlevania II: Simon's Quest
0%
Emotionless Passion Original Tekken 2
0%
Esaka Continues... - KOF XIII Original THE KING OF FIGHTERS XIII
0%
ESAKA!! - KOF 2002 UM Original THE KING OF FIGHTERS '96
0%
Ethno Evening Original Tekken 6
0%
Exploration Original Xenoblade Chronicles 2
0%
Fighting Spirits - DRAGON QUEST III Original DRAGON QUEST III: The Seeds of Salvation
0%
Filled with Hope Original Steel Diver: Sub Wars
0%
Final Attack - METAL SLUG 1-6 Original METAL SLUG / METAL SLUG 2 / METAL SLUG 3 / METAL SLUG 4 / METAL SLUG 5 / METAL SLUG 6
0%
Final Results - Wii Party U Original Wii Party U
0%
Flash in the Dark (Dr. Wily Stage 1) Original Mega Man 9
0%
Forest World - Athena New Remix Athena
0%
Fragments of Sorrow Original KINGDOM HEARTS
0%
Freakyforms: Your Creations, Alive! Medley SSB4 Remix Freakyforms: Your Creations, Alive!
0%
Friendship Original Bayonetta
0%
Frontier Battle Original Dillon's Dead-Heat Breakers
0%
Fruit Basket Original Rhythm Heaven Megamix
0%
Gaia - SAMURAI SHODOWN New Remix SAMURAI SHODOWN
0%
Garage Original Tank Troopers
0%
Glory of Heracles SSB4 Remix Glory of Heracles
0%
Go! Getsu Fuma Original Getsu Fūma Den
0%
Golden Forest Original 1080° Snowboarding
0%
Hail from the Past Original Castlevania: Portrait of Ruin
0%
Hand in Hand Original KINGDOM HEARTS
0%
Fatal Fury Haremar Faith Capoeira School - Song of the Fight (Believers Will Be Saved) - FATAL FURY New Remix FATAL FURY: King of Fighters
0%
Heihachi Mishima, the King of Iron Fist Original Tekken 2
0%
His World (Theme of Sonic the Hedgehog - 2006 E3 Version) Original Sonic the Hedgehog (2006)
0%
House Preview Original Animal Crossing: Happy Home Designer
0%
Hwoarang Original Tekken 3
0%
IKARI - KOF XIV Original Ikari Warriors
0%
Incoming! Original Xenoblade Chronicles 2
0%
Inkoming! Original Splatoon 2
0%
Into Nirvana Original Tekken 5: Dark Resurrection
0%
Iron-Blue Intention New Remix Castlevania: Bloodlines
0%
Jail of Jewel Original Castlevania: Portrait of Ruin
0%
Jergingha: Planet Destruction Form Original The Wonderful 101
0%
Jet Black Incursion Original Castlevania: Dawn of Sorrow
0%
Jet Black Wings Original Castlevania: Order of Ecclesia
0%
Jin Stage Original Tekken Tag Tournament
0%
Judgment - METAL SLUG 2 Original METAL SLUG 2
0%
Karma New Remix Tekken 6: Bloodline Rebellion
0%
KD-0079+ - KOF 2002 UM Original THE KING OF FIGHTERS '99
0%
KDD-0063 - KOF XIII Original THE KING OF FIGHTERS XIII
0%
Kitsch Original Tekken 4
0%
K.K. Cruisin' Original Animal Crossing
0%
K.K. Western Original Animal Crossing
0%
Kraken Up Original Splatoon
0%
Kurikinton - FATAL FURY 2 New Remix FATAL FURY 2
0%
Kurikinton - FATAL FURY 2 Original FATAL FURY 2
0%
Kuri Kinton Flavor - KOF XIV Original FATAL FURY 2
0%
Kyoto, Japan Original Tekken
0%
Lament of Innocence New Remix Castlevania: Lament of Innocence
0%
Landscape Under the Ghost-Kaminano New Remix Tekken Tag Tournament 2
0%
Let's Go to Seoul! - FATAL FURY 2 New Remix FATAL FURY 2
0%
Libble Rabble Retro Medley Original (SSB4 Arrangement) Libble Rabble
0%
Lip's Theme - Panel de Pon Brawl Remix Panel de Pon
0%
Mach Rider Melee Remix Mach Rider
0%
Wii Fit Main Menu - Wii Fit New Remix Wii Fit
0%
Banjo-Kazooie Main Theme - Banjo-Kazooie New Remix Banjo-Kazooie
0%
Main Theme from Metal Slug - METAL SLUG New Remix METAL SLUG
0%
Main Theme - METAL GEAR SOLID PEACE WALKER Original Metal Gear Solid: Peace Walker
0%
Main Theme of FINAL FANTASY VII New Remix FINAL FANTASY VII
0%
Marching through the Fields Original DRAGON QUEST VIII: Journey of the Cursed King
0%
Tekken Marine Stadium, Japan Original Tekken
0%
Marionation Gear Brawl Remix Chōsōjū Mecha MG
0%
Mega Man 4-6 Retro Medley Original (SSB4 Arrangement) Mega Man 4 / Mega Man 5 / Mega Man 6
0%
Menu - Brain Age 2: More Training in Minutes a Day! Original Brain Age 2: More Training in Minutes a Day!
0%
Mii Plaza SSB4 Remix Mii Channel
0%
Mischievous Mole-Way Original Wii Fit Plus
0%
Monkey Watch Original Rhythm Heaven Fever
0%
Mor Ardain - Roaming the Wastes - Original Xenoblade Chronicles 2
0%
Namco Arcade '80s Retro Medley 1 Original (SSB4 Arrangement) Namco Arcade
0%
Namco Arcade '80s Retro Medley 2 Original (SSB4 Arrangement) Namco Arcade
0%
Ne! - KOF '94 Original THE KING OF FIGHTERS '94
0%
New Order - KOF XIV Original THE KING OF FIGHTERS XI
0%
KINGDOM HEARTS Night of Fate Original KINGDOM HEARTS
0%
No Easy Way Out Original Tekken Revolution
0%
Noisy Notebook New Remix Snipperclips - Cut it out, together!
0%
Nothing to Lose Original Castlevania
0%
Now or Never! New Remix Splatoon
0%
Now or Never! (Splatfest Version) - Splatoon Original Splatoon
0%
Now or Never! (Splatfest Version) - Splatoon 2 Original Splatoon
0%
Now or Never! - Splatoon Original Splatoon
0%
Now or Never! - Splatoon 2 Original Splatoon
0%
One of a Kind Original Bayonetta
0%
Only One Fight Original Tekken 6
0%
Final Fantasy Opening - Bombing Mission New Remix FINAL FANTASY VII
0%
Outdoors at 7 p.m. (Sunny) / Main Street - Animal Crossing: New Leaf SSB4 Remix Animal Crossing: New Leaf
0%
PAC-MAN'S PARK / BLOCK TOWN SSB4 Remix PAC-MANIA
0%
Pasta - FATAL FURY 2 New Remix FATAL FURY 2
0%
Pedal Glider SSB4 Remix Pilotwings Resort
0%
PERFORMANCE Original Jam with the Band
0%
Personal Trainer: Cooking Brawl Remix Personal Trainer: Cooking
0%
Player Select Type A Original Street Fighter II
0%
Player Select Type B Original Super Street Fighter II
0%
Plaza / Title Theme (Animal Crossing: City Folk / Animal Crossing: Wild World) SSB4 Remix Animal Crossing: City Folk / Animal Crossing: Wild World
0%
Plucking Tulips Original Tekken Tag Tournament 2
0%
Pop Fashion Show Original Style Savvy: Trendsetters
0%
Power-Up Music - Wrecking Crew Original Wrecking Crew
0%
Praetor Amalthus - The Acting God - Original Xenoblade Chronicles 2
0%
Proof of a Hero ~ 4Version Original MONSTER HUNTER
0%
Psycho Soldier Theme (Overseas Version) New Remix Psycho Soldier
0%
RESURRECTION Original Tekken 5: Dark Resurrection
0%
Revolt -Striving for Hope- Original Culdcept Revolt
0%
Rip Entry Original Splatoon 2
0%
Ripped Silence Original Castlevania: Portrait of Ruin
0%
Rockin' K.K. Original Animal Crossing
0%
Ruined Castle Gallery Original Castlevania: Aria of Sorrow
0%
Save The World, Heroes! SSB4 Remix Find Mii II
0%
Scherzo Di Notte Original KINGDOM HEARTS
0%
Seaskape New Remix Splatoon
0%
Shin Onigashima Medley Brawl Remix Shin Onigashima
0%
Shrouding Dark Cloud Original KINGDOM HEARTS
0%
Simon Belmont Theme Original Super Castlevania IV
0%
Simon Belmont Theme (The Arcade) Original Super Castlevania IV
0%
Skateboard Arena (Free Mode) SSB4 Remix Wii Fit Plus
0%
Sky Kid Retro Medley Original (SSB4 Arrangement) Sky Kid / Sky Kid DX
0%
Snake Eater (Instrumental) Original Metal Gear Solid 3: Snake Eater
0%
Snow Castle Original Tekken 5: Dark Resurrection
0%
Soy Sauce for Geese - FATAL FURY SPECIAL Original FATAL FURY SPECIAL
0%
Soy Sauce for Geese - KOF XIV Original FATAL FURY SPECIAL
0%
Split & Splat Original Splatoon
0%
ST01: Roll Out, Wonderful 100! Original The Wonderful 101
0%
Still, Move Forward! Original Xenoblade Chronicles 2
0%
Stormy Saxophone 2 - KOF '96 New Remix THE KING OF FIGHTERS '96
0%
Street Dancer - KOF XI Original THE KING OF FIGHTERS XI
0%
Struggle Against Chaos Original Ever Oasis
0%
Style Savvy: Trendsetters SSB4 Remix Style Savvy: Trendsetters
0%
Super Hoop SSB4 Remix Wii Fit
0%
Swan Lesson Original Art Academy
0%
Tame a Bad Boy - KOF XIII Original THE KING OF FIGHTERS XIII
0%
Tarkun and Kitapy - FATAL FURY 2 New Remix FATAL FURY 2
0%
Tennis (Training) Original Wii Sports Club
0%
Terry115 - KOF 2000 Original THE KING OF FIGHTERS 2000
0%
Tetris: Type A Brawl Remix Tetris
0%
Tetris: Type B Brawl Remix Tetris
0%
The Legend of Aesir Original Bayonetta 2
0%
The London March - FATAL FURY 2 New Remix FATAL FURY 2
0%
Theme of SYD - Alpha Mission New Remix Alpha Mission
0%
The Roost - Animal Crossing: Wild World Brawl Remix Animal Crossing: Wild World
0%
The Sea Knows - FATAL FURY Original FATAL FURY: King of Fighters
0%
The Second Joker - KOF XIII Original THE KING OF FIGHTERS XIII
0%
The Tragic Prince Original Castlevania: Symphony of the Night
0%
The Valedictory Elegy SSB4 Remix Baten Kaitos Origins
0%
The Working Matador - FATAL FURY 2 Original FATAL FURY 2
0%
Those Who Fight (AC Version) Original FINAL FANTASY VII ADVENT CHILDREN
0%
Those Who Fight Further (AC Version) Original FINAL FANTASY VII ADVENT CHILDREN
0%
Those Who Stand Against Our Path - Xenoblade Chronicles 2 Original Xenoblade Chronicles 2
0%
Time for the Climax! Original Bayonetta 2
0%
Time to Fight! - Xenoblade Chronicles Original Xenoblade Chronicles
0%
Title Theme - 3D Hot Rally Brawl Remix Famicom Grand Prix II: 3D Hot Rally
0%
Title Theme - Animal Crossing: Happy Home Designer New Remix Animal Crossing: Happy Home Designer
0%
Title Theme - Big Brain Academy Brawl Remix Big Brain Academy
0%
Title Theme - NES Remix 2 Original NES Remix 2
0%
Title Theme - Nintendo Badge Arcade Original Nintendo Badge Arcade
0%
Title Theme - Nintendo Land Original Nintendo Land
0%
Title Theme - Wii Sports New Remix Wii Sports
0%
Title Theme - Wii Sports Club New Remix Wii Sports Club
0%
Title Theme - Wii Sports Resort Original Wii Sports Resort
0%
Tomorrow is Mine (Bayonetta 2 Theme) (Instrumental) SSB4 Remix Bayonetta 2
0%
Tomorrow's Passion Original Captain Rainbow
0%
Tortimer Island Medley SSB4 Remix Animal Crossing: New Leaf
0%
Tour - Animal Crossing: New Leaf SSB4 Remix Animal Crossing: New Leaf
0%
Training Menu - Wii Fit U New Remix Wii Fit U
0%
Trouble Brewing II New Remix Code Name: S.T.E.A.M.
0%
Tuna - SAMURAI SHODOWN Original SAMURAI SHODOWN
0%
Tunnel Scene - X Brawl Remix X
0%
Tunnel Theme - X-Scape Original X-Scape
0%
Turbo Jet SSB4 Remix Pilotwings Resort
0%
Undercover - KOF 2002 UM Original THE KING OF FIGHTERS 2002 UNLIMITED MATCH
0%
Undertow Original Splatoon 2
0%
Unflinchable Courage Original DRAGON QUEST XI S: Echoes of an Elusive Age - Definitive Edition
0%
Via Dolce Original ARMS
0%
Vs. Hedlok Original ARMS
0%
Welcome Center Original Stretchmo
0%
We're Robots (Dr. Wily Stage 2) New Remix Mega Man 9
0%
Weyard Original Golden Sun: Dark Dawn
0%
Wii Fit Plus Medley SSB4 Remix Wii Fit Plus
0%
Wii Sports Resort SSB4 Remix Wii Sports Resort
0%
Wii Sports Resort Ver. 2 SSB4 Remix Wii Sports Resort
0%
Wii Sports Series Medley SSB4 Remix Wii Sports / Wii Sports Resort
0%
Wild Street - KOF XIII Original THE KING OF FIGHTERS XIII
0%
Windy Hill - Zone 1 Original Sonic Lost World
0%
World Circuit Theme Original Punch-Out!! (NES)
0%
Worthy Rival Battle Original Culdcept Revolt
0%
W.W.III - KOF XIV Original THE KING OF FIGHTERS '99
0%
Yappari ESAKA - KOF XIV Original THE KING OF FIGHTERS XIV
0%
Yodeling in Meadow Hill Original Tekken 6: Bloodline Rebellion
0%
You Will Recall Our Names Original Xenoblade Chronicles 2
0%
Yūyūki Medley New Remix Yūyūki
0%
Zero (Theme of ZERO (from Mega Man X)) Original Mega Man Zero
0%
No matching quizzes found
Score Distribution
Percent of People with Each Score
Percentile by Number Answered
Your Score History
You have not taken this quiz